LEADER 02470nam a2200397 u 4500 001 000000042535 003 CaOOAMICUS 005 20101221145752.0 008 990303s1564 it a u001 u lat r 026 $aacur ina-$bj.s. iivi (3)$c1564 (R) 035 $a10816006 040 $aPUL$bita 100 1 $aAlciati, Andrea,$d1492-1550.$0(OLS)http://pul/name/16043 245 10$aD. Andr. Alciati Iureconsulti Tractatus de Praesumptionibus cum annotationibus, et argumentis Io. Nicolai Arelatani iur. utr. doct. Index prae caeteris copiosissimus in fine operis adiectus. 246 30$aTractatus de praesumptionibus 260 $aVenetiis :$b[al segno della Fontana],$c1564$e(Venetiis :$fapud Cominum de Tridino Montisferrati,$g1563) 300 $a153, [23] c. ;$c8° (15 cm). 500 $aIl nome dell'editore è stato desunto dalla marca tipografica. 500 $aInclude indice. 500 $aMarca tipografica sul front.: Fontana zampillante a forma di anfora sorretta da puttini (Z559). 500 $aIniziali xil. 500 $aA c.4r vignetta xil. rappresentante l'autore. 500 $aSegnatura: A-Y8. 662 $aItalia$dVenezia.$0(OLS)http://pul/subject/34951 700 1 $aArelatanus, Iohannes Nicolaus.$0(OLS)http://pul/name/78196 710 2 $aAl segno della Fontana$4pbl.$0(OLS)http://pul/name/76885 710 2 $aComin da Trino,$d1539-1577$4pbl.$0(OLS)http://pul/name/71449 850 $aPUL 852 $aPUL$W1$xDP1 Antico 500$y12$m197 A 6$j57462$nBK-PRI$qStampati Antico$B57462$CPULBib$Z2$F57462 $H3039 $82 900 $aAlciato, Andrea,$d1492-1550$916043 941 1 $a15 961 $aAutore e titolo dell'opera abbreviato sul taglio di piede e sul dorso.Precedente collocazione sul recto della carta di guardia anteriore: b-V-32.Timbro sul front e a c.17r: Bibliotheca Pontificium Institutum Utriusque Iuris.Ex libris sul verso del front. e sul verso della carta di guardia posteriore: Sac. V. Todeschi.Postille mss. all'interno del testo.Sottolineature all'interno del testo. 996 $6245$aD. Andr. Alciati Iureconsulti Tractatus de Praesumptionibus cum annotationibus, et argumentis Io. Nicolai Arelatani iur. utr. doct. Index prae caeteris copiosissimus in fine operis adiectus$9(OLS)http://pul/title/57398 996 $6246$aTractatus de praesumptionibus$9(OLS)http://pul/title/156291 996 $6260$aVenetiis :$b[al segno della Fontana]$9(OLS)http://pul/publisher/52992 LEADER 01265nam a2200277 u 4500 001 000000070866 003 CaOOAMICUS 005 20070226122052.0 008 020516s1968 it u000 u ita u 035 $a10930069 040 $aPUL(R)$bita 245 00$aDizionario di centouno capolavori delle letterature orientali /$c[a cura di Paolo De Benedetti ; contiene scritti di Alessandro Bausani ... et al.]. 260 $aMilano :$bBompiani,$cc1968. 300 $a168 p. ;$c19 cm 490 1 $aGuide culturali Bompiani 500 $aI nomi del curatore e degli autori dal controfront. 650 4$aLetteratura orientale.$0(OLS)http://pul/subject/25294 700 1 $aBausani, Alessandro,$d1921-$0(OLS)http://pul/name/18787 700 1 $aDe Benedetti, Paolo,$d1927-2016.$0(OLS)http://pul/name/25214 830 0$aGuide culturali Bompiani.$0(OLS)http://pul/title/93347 850 $aPUL 852 $aPUL$W1$xDP1 Cons. Gen., Altre Classi 1$y22$m780 C 45$j91696$nBK-PRI$b $qStampati$B91696$CPULBib$Z2$F91696 $H $81 941 1 $a8 961 $aINV: 67498 996 $6245$aDizionario di centouno capolavori delle letterature orientali$9(OLS)http://pul/title/93346 996 $6260$aMilano :$bBompiani$9(OLS)http://pul/publisher/48240